[Event "EST-ch U16"]
[Site "Tallinn"]
[Date "2016.05.21"]
[Round "6"]
[White "Derevjanko, Dmitri"]
[Black "Rebane, Ralf Aron"]
[Result "1-0"]
[WhiteElo "1488"]
[BlackElo "1505"]
[PlyCount "77"]
[EventDate "2016.05.19"]
[EventType "swiss"]
[EventRounds "7"]
[EventCountry "EST"]
[SourceTitle "EXT 2018"]
[Source "ChessBase"]
[SourceDate "2017.10.13"]
[SourceVersion "1"]
[SourceVersionDate "2017.10.13"]
[SourceQuality "1"]

1. c4 e5 2. Nc3 Nf6 3. g3 Be7 4. Bg2 0-0 5. Nf3 Nc6 6. 0-0 d6 7. d3 Bd7 8. a3 Qc8 9. Nd5 Bh3 10. b4 Bxg2 11. Kxg2 Qd7 12. e4 Nd8 13. Bb2 Ne6 14. c5 Rac8 15. Rc1 Nxd5 16. exd5 Ng5 17. Nxg5 Bxg5 18. c6 bxc6 19. Rxc6 Rfe8 20. h4 Bd8 21. Re1 f6 22. Qc2 Qf7 23. Qc4 Rb8 24. Rc1 Rb6 25. a4 a5 26. b5 Kf8 27. Bc3 Rb7 28. Bxa5 Re7 29. Bd2 Ra7 30. Ra6 Rxa6 31. bxa6 Re8 32. Qc6 Be7 33. a7 g6 34. a8Q Rxa8 35. Qxa8+ Kg7 36. Rxc7 f5 37. Qb7 Kf6 38. Bg5+ Kg7 39. Rxe7 1-0

[Event "EST-ch U16"]
[Site "Tallinn"]
[Date "2016.05.19"]
[Round "1"]
[White "Rebane, Ralf Aron"]
[Black "Bondar, Daniil"]
[Result "0-1"]
[WhiteElo "1505"]
[BlackElo "1716"]
[PlyCount "80"]
[EventDate "2016.05.19"]
[EventType "swiss"]
[EventRounds "7"]
[EventCountry "EST"]
[SourceTitle "EXT 2018"]
[Source "ChessBase"]
[SourceDate "2017.10.13"]
[SourceVersion "1"]
[SourceVersionDate "2017.10.13"]
[SourceQuality "1"]

1. e4 c5 2. Nf3 e6 3. d4 cxd4 4. Nxd4 Nf6 5. Nc3 Bb4 6. Bd3 Nc6 7. Nf3 d5 8. exd5 Nxd5 9. Bd2 Nxc3 10. Bxc3 Bxc3+ 11. bxc3 Qf6 12. Qd2 h6 13. 0-0 0-0 14. Rfd1 Ne5 15. Nxe5 Qxe5 16. Rab1 b6 17. Qe1 Qxe1+ 18. Rxe1 Bb7 19. f3 Rac8 20. c4 Rc5 21. Rb4 Bc6 22. Kf2 Ra5 23. Ra1 e5 24. Ke3 f5 25. f4 Bxg2 26. fxe5 Rxe5+ 27. Kf4 Rc5 28. Rb5 g5+ 29. Kg3 Bc6 30. Rxc5 bxc5 31. Re1 f4+ 32. Kg4 Re8 33. Rxe8+ Bxe8 34. Be4 Kg7 35. h4 Kf6 36. Bd3 Bg6 37. a3 Bxd3 38. cxd3 Ke5 39. hxg5 hxg5 40. Kxg5 f3 0-1